|
|
|
|
| LEADER |
00000naa2a2200000 4500 |
| 001 |
540104 |
| 005 |
20240206090812.0 |
| 035 |
|
|
|a (RuTPU)RU\TPU\prd\230000
|
| 035 |
|
|
|a RU\TPU\prd\229999
|
| 090 |
|
|
|a 540104
|
| 100 |
|
|
|a 20150120a1986 k y0rusy50 ca
|
| 101 |
0 |
|
|a rus
|
| 102 |
|
|
|a RU
|
| 200 |
1 |
|
|a Исследование зауглероживания высококремнеземных цеолитов в процессе превращения метанола в углеводороды
|f Ю. В. Рябов, В. И. Ерофеев
|
| 320 |
|
|
|a Библиогр.: с. 1970 (9 назв.)
|
| 461 |
|
1 |
|0 (RuTPU)RU\TPU\prd\515
|t Известия Академии наук СССР. Серия химическая
|d 1936-1991
|
| 463 |
|
1 |
|0 (RuTPU)RU\TPU\prd\136877
|t № 9
|v С. 1966-1970
|d 1986
|
| 610 |
1 |
|
|a зауглероживание
|
| 610 |
1 |
|
|a высококремнистые цеолиты
|
| 610 |
1 |
|
|a метанолы
|
| 610 |
1 |
|
|a углеводороды
|
| 610 |
1 |
|
|a катализаторы
|
| 700 |
|
1 |
|a Рябов
|b Ю. В.
|
| 701 |
|
1 |
|a Ерофеев
|b В. И.
|c специалист в области нефтегазового дела
|c профессор Томского политехнического университета, доктор технических наук
|f 1946-
|g Владимир Иванович
|3 (RuTPU)RU\TPU\pers\26104
|9 11934
|
| 801 |
|
1 |
|a RU
|b 63413507
|c 20040413
|g PSBO
|
| 801 |
|
2 |
|a RU
|b 63413507
|c 20180216
|g RCR
|
| 942 |
|
|
|c BK
|